LDR 00776naa#a2200181#i#450# 001 RU\\bibl\121096 005 20260428083341.2 011 ## _a2073-0454 100 ## _a20251015b2025####ek#y0rusy0150####ca 102 ## _aRU 200 1# _aПроблема рисков деструктивного поведения старших школьников _eЖурнальная статья 210 1# _aМосква _cМосковский университет МВД России имени В.Я. Кикотя _d2025 215 ## _a9 с. 608 ## _aЖурнальная статья _2local 675 ## _aПсихология. 159.9 _z 700 #1 _aГогиберидзе _gГеоргий Меджидович 700 #1 _aРеан _gАртур Александрович 856 4# _amosumvd.editorum.ru _u